<?xml version="1.0" encoding="UTF-8"?>
<collection xmlns="http://www.loc.gov/MARC21/slim">
 <record>
  <leader>01276pam a22002778a 4500</leader>
  <controlfield tag="001">00023767</controlfield>
  <controlfield tag="005">20171026081022.0</controlfield>
  <controlfield tag="008">110629s2000                  ||||||Viesd</controlfield>
  <datafield tag="041" ind1="0" ind2="#">
   <subfield code="a">Vie</subfield>
  </datafield>
  <datafield tag="082" ind1="1" ind2="4">
   <subfield code="a">572</subfield>
   <subfield code="b">H401S</subfield>
  </datafield>
  <datafield tag="100" ind1="0" ind2="#">
   <subfield code="a">Nguyễn Thị Hiền</subfield>
  </datafield>
  <datafield tag="245" ind1="0" ind2="0">
   <subfield code="a">Hóa sinh học nông nghiệp</subfield>
   <subfield code="b">Dùng cho sinh viên trường Cao đẳng sư phạm</subfield>
   <subfield code="c">Nguyễn Thị Hiền; Vũ Thị Thư</subfield>
  </datafield>
  <datafield tag="260" ind1="#" ind2="#">
   <subfield code="a">H.</subfield>
   <subfield code="b">Giáo dục</subfield>
   <subfield code="c">2000</subfield>
  </datafield>
  <datafield tag="300" ind1="#" ind2="#">
   <subfield code="a">199tr.</subfield>
   <subfield code="c">27 cm.</subfield>
  </datafield>
  <datafield tag="500" ind1="#" ind2="#">
   <subfield code="a">Bộ giáo dục và đào tạo</subfield>
  </datafield>
  <datafield tag="500" ind1="#" ind2="#">
   <subfield code="a">Sách nhà nước đặt hàng</subfield>
  </datafield>
  <datafield tag="650" ind1="#" ind2="4">
   <subfield code="a">Hóa sinh học</subfield>
  </datafield>
  <datafield tag="653" ind1="#" ind2="#">
   <subfield code="a">Nông nghiệp</subfield>
  </datafield>
  <datafield tag="700" ind1="0" ind2="#">
   <subfield code="a">Vũ Thị Thư</subfield>
  </datafield>
  <datafield tag="852" ind1="#" ind2="#">
   <subfield code="b">Kho giáo trình</subfield>
   <subfield code="j">KGT.0006490, KGT.0006491, KGT.0006492, KGT.0006493, KGT.0006494, KGT.0006495, KGT.0006496, KGT.0006497, KGT.0006498, KGT.0006499, KGT.0006500, KGT.0006501, KGT.0032443, KGT.0047478</subfield>
  </datafield>
  <datafield tag="852" ind1="#" ind2="#">
   <subfield code="b">Kho mượn</subfield>
   <subfield code="j">KGT.0006490</subfield>
  </datafield>
  <datafield tag="852" ind1="#" ind2="#">
   <subfield code="j">KGT.0006492</subfield>
   <subfield code="j">KGT.0006494</subfield>
   <subfield code="j">KGT.0006495</subfield>
   <subfield code="j">KGT.0006497</subfield>
   <subfield code="j">KGT.0006498</subfield>
   <subfield code="j">KGT.0047478</subfield>
   <subfield code="j">KGT.0006491</subfield>
   <subfield code="j">KGT.0006500</subfield>
   <subfield code="j">KGT.0006501</subfield>
   <subfield code="j">KGT.0006490</subfield>
   <subfield code="j">KGT.0006493</subfield>
   <subfield code="j">KGT.0006496</subfield>
   <subfield code="j">KGT.0006499</subfield>
   <subfield code="j">KGT.0032443</subfield>
  </datafield>
  <datafield tag="910" ind1="0" ind2="#">
   <subfield code="d">29/06/2011</subfield>
  </datafield>
  <datafield tag="980" ind1="#" ind2="#">
   <subfield code="a">Trung tâm Học liệu Lê Vũ Hùng, Trường Đại học Đồng Tháp</subfield>
  </datafield>
 </record>
</collection>
